Hospodárska korešpondencia
Uložené v:
| Hlavný autor: | |
|---|---|
| Médium: | Kniha |
| Jazyk: | Slovak |
| Vydavateľské údaje: |
Žilina
Hermes
1992
|
| Vydanie: | 2. opr. a dopl. vyd. |
| Edícia: | Vzdelávanie
|
| Predmet: | |
| Tagy: |
Žiadne tagy, Buďte prvý, kto otaguje tento záznam!
|
MARC
| LEADER | 00000nam a2200000 4500 | ||
|---|---|---|---|
| 001 | c003454 | ||
| 005 | 20221214091754.7 | ||
| 020 | |a 80-85445-11-5 | ||
| 041 | 0 | |a slo | |
| 044 | |a SK | ||
| 245 | 1 | 0 | |a Hospodárska korešpondencia |c Štefan Nižňanský |
| 250 | |a 2. opr. a dopl. vyd. | ||
| 264 | 1 | |a Žilina |b Hermes |c 1992 | |
| 300 | |a 47 s. | ||
| 490 | 1 | |a Vzdelávanie | |
| 830 | 0 | |a Vzdelávanie | |
| 610 | 2 | 0 | |a korešpondencia |
| 610 | 2 | 0 | |a administratíva |
| 610 | 2 | 0 | |a pojmy |
| 610 | 2 | 0 | |a terminológia |
| 610 | 2 | 0 | |a prieskum trhu |
| 610 | 2 | 0 | |a zmluvy hospodárske |
| 610 | 2 | 0 | |a ponuka |
| 610 | 2 | 0 | |a dopyt |
| 100 | 1 | |a Nižňanský, Štefan | |